00937cam a2200253u 45000010005000000030008000050050017000130080039000300350018000690400033000870410008001200820015001281000050001432450041001932600064002343000023002985040019003216100084003406510042004246510057004669420012005239990015005359520133005502080BD-RjUL20211208233458.0820119r19491946nyua 001 0 eng a(BD-RjUL)2107 aDLCcCarPdDLCdBD-RjULbeng aeng 2330.1bLYC1 aLynch, David,d1902- [from old catalog]9680714aThe concentration of economic power. aNew York:bColumbia university press,cc1946.[printing1949] ax, 423 p.;c24 cm. aIncludes Index10aUnited States.bTemporary national economic committee. [from old catalog]96828 0aUnited StatesxEconomic policy.96809 0aUnited StatesxEconomic conditionsy1918-1945.96810 2ddccBK c2080d2080 00102ddc40718NFICaRUCLbRUCLcstackd1955-08-01eO.U.P.g22.80l0o330.1 LYC 1949r2013-12-10 00:00:00tC-1w2013-12-10yBK